[Event "Canadian op"]
[Site "Kapuskasing"]
[Date "2004.07.11"]
[Round "3"]
[White "Wang, David"]
[Black "Krayushkin, Victor"]
[Result "1-0"]
[WhiteElo "2110"]
[BlackElo "2204"]
[PlyCount "54"]
[EventDate "2004.07.10"]
[EventType "swiss"]
[EventRounds "10"]
[EventCountry "CAN"]
[SourceTitle "CBM 101 Extra"]
[Source "ChessBase"]
[SourceDate "2004.09.01"]
[SourceVersion "2"]
[SourceVersionDate "2004.09.01"]
[SourceQuality "1"]

1. e4 e5 2. Nf3 Nc6 3. Bb5 a6 4. Ba4 Nf6 5. 0-0 b5 6. Bb3 Bc5 7. Nxe5 Nxe5 8. d4 Bxd4 9. Qxd4 d6 10. c3 c5 11. Qe3 Bb7 12. Qg3 Bxe4 13. f3 Bxb1 14. Rxb1 0-0 15. Bg5 c4 16. Bc2 Qb6+ 17. Kh1 Nfd7 18. f4 Ng6 19. f5 Nge5 20. Bh6 g6 21. Bxf8 Rxf8 22. fxg6 hxg6 23. Rbd1 Kg7 24. Rd4 Nf6 25. Qg5 Nh5 26. g4 f6 27. Qh4 g5 1-0

[Event "Laval op 20th"]
[Site "Laval"]
[Date "2003.04.12"]
[Round "3"]
[White "Krayushkin, Victor"]
[Black "Lacroix, Serge"]
[Result "0-1"]
[WhiteElo "2135"]
[BlackElo "1985"]
[PlyCount "47"]
[EventDate "2003.04.11"]
[EventType "swiss"]
[EventRounds "5"]
[EventCountry "CAN"]
[SourceTitle "EXT 2022"]
[Source "ChessBase"]
[SourceDate "2021.10.06"]
[SourceVersion "1"]
[SourceVersionDate "2021.10.06"]
[SourceQuality "1"]

1. c4 e5 2. Nc3 Nf6 3. g3 d5 4. cxd5 Nxd5 5. Bg2 Be6 6. Qb3 Nb4 7. Qa4+ c6 8. a3 Nd5 9. Nf3 Nd7 10. d4 exd4 11. Nxd4 N7b6 12. Nxe6 fxe6 13. Qg4 Qf6 14. Bg5 h5 15. Qh4 Qf7 16. Ne4 Be7 17. 0-0 0-0-0 18. Bh3 Nf6 19. Rad1 Nbd5 20. b4 Kb8 21. Rd3 Nxe4 22. Qxe4 Bxg5 23. Qe5+ Nc7 24. Rxd8+ 0-1

[Event "Mauricie-ch"]
[Site "Shawinigan"]
[Date "2003.03.23"]
[Round "4"]
[White "Caceres Cortes, Julio"]
[Black "Krayushkin, Victor"]
[Result "1/2-1/2"]
[WhiteElo "2054"]
[BlackElo "2186"]
[PlyCount "39"]
[EventDate "2003.03.21"]
[EventType "swiss"]
[EventRounds "5"]
[EventCountry "CAN"]
[SourceTitle "EXT 2022"]
[Source "ChessBase"]
[SourceDate "2021.10.06"]
[SourceVersion "1"]
[SourceVersionDate "2021.10.06"]
[SourceQuality "1"]

1. e4 c5 2. Nf3 Nc6 3. d4 cxd4 4. Nxd4 e5 5. Nb5 d6 6. N1c3 Nf6 7. Bg5 h6 8. Bxf6 gxf6 9. Na3 f5 10. Bd3 Bg7 11. Qh5 f4 12. 0-0 Be6 13. Rad1 Qf6 14. Nc4 Rd8 15. Nb6 Qg6 16. Qxg6 fxg6 17. Ncd5 0-0 18. f3 Rf7 19. Rd2 Bf8 20. Rfd1 1/2-1/2

[Event "Montreal op2"]
[Site "Montreal"]
[Date "2003.??.??"]
[Round "2"]
[White "Krayushkin, Victor"]
[Black "Khassanov, Marat"]
[Result "0-1"]
[WhiteElo "2181"]
[BlackElo "2366"]
[PlyCount "50"]
[EventDate "2003.??.??"]
[EventType "swiss"]
[EventRounds "5"]
[EventCountry "CAN"]
[SourceTitle "EXT 2005"]
[Source "ChessBase"]
[SourceDate "2004.11.15"]
[SourceVersion "1"]
[SourceVersionDate "2004.11.15"]
[SourceQuality "1"]

1. c4 e6 2. Nc3 Bb4 3. Qb3 Nc6 4. e3 Nf6 5. g3 d5 6. Bg2 Bxc3 7. Qxc3 e5 8. Ne2 0-0 9. d4 Re8 10. cxd5 Nxd5 11. Qb3 Be6 12. Qxb7 Ndb4 13. Qb5 Rb8 14. Qa4 exd4 15. 0-0 d3 16. Nf4 Ne5 17. b3 Bg4 18. f3 d2 19. Bb2 Nxf3+ 20. Rxf3 Bxf3 21. Bxf3 Rxe3 22. Bd1 Re1+ 23. Kf2 Nd3+ 24. Nxd3 Qxd3 25. Qxa7 Qf1# 0-1